Hoàn thiện quy trình và xây dựng hệ thống quản lý sản xuất rau an toàn tại Đà Lạt /

Shranjeno v:
Bibliografske podrobnosti
Drugi avtorji: Trương Trổ.
Format: Bài viết
Jezik:Vietnamese
Oznake: Označite
Brez oznak, prvi označite!
Thư viện lưu trữ: Thư viện Trường Đại học Đà Lạt
LEADER 00763nam a2200229 4500
001 DLU120140475
005 ##20120904
040 # # |a DLU  |b vie 
041 # # |a vie 
044 # # |a vn 
245 # # |a Hoàn thiện quy trình và xây dựng hệ thống quản lý sản xuất rau an toàn tại Đà Lạt /  |c Trương Trổ, ...[và những người khác]. 
700 # # |a Trương Trổ. 
773 # # |t Kỷ yếu khoa học và công nghệ tỉnh Lâm Đồng 2001  |g 2002, tr. 15-22 
920 # # |a Phòng Tạp chí -- Trung tâm Thông tin - Thư viện Trường Đại học Đà Lạt 
994 # # |a DLU 
900 # # |a True 
911 # # |a Lý Thị Hồng Hạnh 
925 # # |a G 
926 # # |a A 
927 # # |a BB 
980 # # |a Thư viện Trường Đại học Đà Lạt